Sellotape legacy: (Record no. 45026)
[ view plain ]
| 000 -LEADER | |
|---|---|
| fixed length control field | 02267nam a22003497a 4500 |
| 005 - DATE AND TIME OF LATEST TRANSACTION | |
| control field | 20100910112221.0 |
| 010 ## - LCCN (DPL NO) | |
| LC control number | B-428140-146 B-477243 |
| 020 ## - INTERNATIONAL STANDARD BOOK NUMBER | |
| International Standard Book Number | 9789350290019 |
| Terms of availability | 450.00 |
| 035 ## - SYSTEM CONTROL NUMBER | |
| System control number | B-428140-146 B-477243 |
| 037 ## - SOURCE OF ACQUISITION | |
| Source of stock number/acquisition | Prakash Books |
| 037 ## - SOURCE OF ACQUISITION | |
| Source of stock number/acquisition | K.K.Pub/Ven |
| 037 ## - SOURCE OF ACQUISITION | |
| Source of stock number/acquisition | Allied/DE2010/CR/2777/16.3.11/280/4.3.11/30.3.11 |
| 082 ## - DEWEY DECIMAL CLASSIFICATION NUMBER | |
| Classification number | 796 |
| 100 ## - MAIN ENTRY--PERSONAL NAME | |
| Personal name | Majumdar, Boria |
| 245 ## - TITLE STATEMENT | |
| Title | Sellotape legacy: |
| Remainder of title | Delhi & the commonwealth games / |
| Statement of responsibility, etc | by Boria Majumdar (and) Nalin Mehta |
| 260 ## - PUBLICATION, DISTRIBUTION, ETC. (IMPRINT) | |
| Place of publication, distribution, etc | NOIDA |
| Name of publisher, distributor, etc | Harper Collins Publishers |
| Date of publication, distribution, etc | 2010 |
| 270 ## - ADDRESS | |
| Address | A-53, Sector-57, |
| City | NOIDA |
| Postal code | 201301 |
| 300 ## - PHYSICAL DESCRIPTION | |
| Extent | 302p. |
| Dimensions | 25cm(Hb) |
| 500 ## - GENERAL NOTE | |
| General note | Includes index |
| 700 ## - ADDED ENTRY--PERSONAL NAME | |
| Personal name | Mehta, Nalin |
| 9 (RLIN) | 19381 |
| 942 ## - ADDED ENTRY ELEMENTS (KOHA) | |
| Source of classification or shelving scheme | Dewey Decimal Classification |
| Item type | English Books |
| Classification part | 796 |
| Call number suffix | MAJ |
| Withdrawn status | Lost status | Not for loan | Collection code | Home library | Current library | Date acquired | Source of acquisition | Cost, normal purchase price | Full call number | Barcode | Copy number | Cost, replacement price | Koha item type |
|---|---|---|---|---|---|---|---|---|---|---|---|---|---|
| Non-fiction | Central Library | Central Library | 08/08/2011 | Allied/DE2010/CR/2777/16.3.11/280/4.3.11/30.3.11 | 450.00 | 796 MAJ | B-428140 | 1 | 450.00 | English Books | |||
| Non-fiction | Central Library | Central Library | 08/08/2012 | K.K.Pub/1907/30.3.2012/SP/45/30.03.2012/30.03.2012 | 450.00 | 796 MAJ | B-477243 | 1 | 450.00 | English Books | |||
| Non-fiction | Janak Puri | Janak Puri | 08/08/2011 | Allied/DE2010/CR/2777/16.3.11/280/4.3.11/30.3.11 | 450.00 | 796 MAJ | B-428142 | 1 | 450.00 | English Books | |||
| Non-fiction | Karol Bagh | Karol Bagh | 08/08/2011 | Allied/DE2010/CR/2777/16.3.11/280/4.3.11/30.3.11 | 450.00 | 796 MAJ | B-428145 | 1 | 450.00 | English Books | |||
| Non-fiction | Patel Nagar | Patel Nagar | 08/08/2011 | Allied/DE2010/CR/2777/16.3.11/280/4.3.11/30.3.11 | 450.00 | 796 MAJ | B-428141 | 1 | 450.00 | English Books | |||
| Non-fiction | Sarojini Nagar | Sarojini Nagar | 08/08/2011 | Allied/DE2010/CR/2777/16.3.11/280/4.3.11/30.3.11 | 450.00 | 796 MAJ | B-428143 | 1 | 450.00 | English Books | |||
| Non-fiction | Shahdara Branch | Shahdara Branch | 08/08/2011 | Allied/DE2010/CR/2777/16.3.11/280/4.3.11/30.3.11 | 450.00 | 796 MAJ | B-428146 | 1 | 450.00 | English Books | |||
| Non-fiction | Vinoba Puri | Vinoba Puri | 08/08/2011 | Allied/DE2010/CR/2777/16.3.11/280/4.3.11/30.3.11 | 450.00 | 796 MAJ | B-428144 | 1 | 450.00 | English Books |
